Retailing Management/ (Record no. 198245)
[ view plain ]
| 000 -LEADER | |
|---|---|
| fixed length control field | 00728nam a22002057a 4500 |
| 005 - DATE AND TIME OF LATEST TRANSACTION | |
| control field | 20231013152543.0 |
| 010 ## - LCCN (DPL NO) | |
| LC control number | ENG-138064 |
| 020 ## - INTERNATIONAL STANDARD BOOK NUMBER | |
| International Standard Book Number | 9789355324641 |
| Terms of availability | 599.00 |
| 035 ## - SYSTEM CONTROL NUMBER | |
| System control number | EN-121596 |
| 037 ## - SOURCE OF ACQUISITION | |
| Source of stock number/acquisition | DBAD/PUB |
| 082 ## - DEWEY DECIMAL CLASSIFICATION NUMBER | |
| Classification number | 658.87 |
| 100 ## - MAIN ENTRY--PERSONAL NAME | |
| Personal name | Levy, Micheal |
| 245 ## - TITLE STATEMENT | |
| Title | Retailing Management/ |
| Statement of responsibility, etc | By Michael Levy, Barton Weitz and Dhruv Grewal |
| 260 ## - PUBLICATION, DISTRIBUTION, ETC. (IMPRINT) | |
| Place of publication, distribution, etc | Tamilnadu |
| Name of publisher, distributor, etc | McGraw Hill Education |
| Date of publication, distribution, etc | 2023 |
| 270 ## - ADDRESS | |
| Address | Anjana Complex No. 5/90 A, butt road st thomas Chennai- 600016,, , |
| City | Tamil Nadu |
| Electronic mail address | info.india@mheducation.com |
| Postal code | 600016 |
| 300 ## - PHYSICAL DESCRIPTION | |
| Extent | 582p. |
| Dimensions | 28cm(pbk) |
| 700 ## - ADDED ENTRY--PERSONAL NAME | |
| Personal name | Weitz, Barton |
| Relator term | Author |
| 9 (RLIN) | 56775 |
| 700 ## - ADDED ENTRY--PERSONAL NAME | |
| Personal name | Grewal, Dhruv |
| Relator term | Author |
| 9 (RLIN) | 56776 |
| 942 ## - ADDED ENTRY ELEMENTS (KOHA) | |
| Source of classification or shelving scheme | Dewey Decimal Classification |
| Item type | English Books |
| Classification part | 658.87 |
| Call number suffix | Lev |
| Edition | 2023 |
| Withdrawn status | Lost status | Not for loan | Collection code | Home library | Current library | Date acquired | Source of acquisition | Cost, normal purchase price | Full call number | Barcode | Copy number | Cost, replacement price | Koha item type |
|---|---|---|---|---|---|---|---|---|---|---|---|---|---|
| Non-fiction | Vinoba Puri | Vinoba Puri | 18/09/2023 | DBAD/PUB | 599.00 | 658.87 Lev | EN-121596 | 1 | 599.00 | English Books |
